[Event "Andalucia-ch U14 1011"]
[Site "Almeria"]
[Date "2011.03.25"]
[Round "2.12"]
[White "Segura Cardenete, Simon"]
[Black "Rodriguez Toronjo, Nerea"]
[Result "1-0"]
[WhiteElo "1567"]
[BlackElo "1250"]
[PlyCount "64"]
[EventDate "2011.03.25"]
[EventType "swiss"]
[EventRounds "9"]
[EventCountry "ESP"]
[SourceTitle "EXT 2024"]
[Source "ChessBase"]
[SourceDate "2023.10.10"]
[SourceVersion "1"]
[SourceVersionDate "2023.10.10"]
[SourceQuality "1"]

1. d4 d6 2. e4 g6 3. Nf3 Bg7 4. c4 Nf6 5. Nc3 0-0 6. g3 Bg4 7. Bg2 Nbd7 8. 0-0 Re8 9. h3 Bxf3 10. Bxf3 e5 11. d5 Nc5 12. b4 Na6 13. a3 Qd7 14. Bg2 Rad8 15. Qa4 c6 16. dxc6 Qxc6 17. b5 Qc8 18. bxa6 bxa6 19. Nd5 Nxd5 20. cxd5 Rd7 21. Be3 Ree7 22. Rfc1 Qb7 23. Rab1 Qa8 24. Qxa6 Qf8 25. Rc8 Rd8 26. Rbb8 Ree8 27. Rxd8 Rxd8 28. Rxd8 Qxd8 29. Bf1 Qf6 30. Bxa7 Qf3 31. Qd3 Qxd3 32. Bxd3 Bf6 1-0